El pequeño comunicólogo ilustrado /
Guardado en:
| Autor Principal: | |
|---|---|
| Formato: | Libro |
| Publicado: |
Buenos Aires :
Del Eclipse
|
| Materias: | |
| Etiquetas: |
Agregar Etiqueta
Sin Etiquetas, Sea el primero en etiquetar este registro!
|
| LEADER | 00727nam a22002295a 4500 | ||
|---|---|---|---|
| 001 | CEM.cems011263 | ||
| 005 | 20071025192432.0 | ||
| 008 | 130507b######################000#0#####d | ||
| 003 | CEMS | ||
| 020 | |a 9509953040 | ||
| 082 | 0 | 4 | |a 371.33 |
| 100 | 1 | |a Link, Daniel | |
| 245 | 1 | 0 | |a El pequeño comunicólogo ilustrado / |c Daniel Link |
| 260 | |a Buenos Aires : |b Del Eclipse | ||
| 300 | |a 162 p. | ||
| 505 | 0 | |a Actividades sobre comunicación y medios masivos para la escuela secundaria | |
| 653 | |a Educación | ||
| 653 | |a Medios masivos de comunicación | ||
| 653 | |a Medios masivos de educación | ||
| 653 | |a Teoría de la comunicación | ||
| 653 | |a Comunicación | ||
| 859 | |a CEMS |b BIB. CEMS - 11 de abril |h 371.33 |i L645 |p 22169.03 |t Ej.1 | ||
